000 00583nam a2200181 a 4500
001 000032178
005 20200930063509.0
008 110713s1935 dr r 000 p spa d
040 _aDO-SdBNP
_bspa
_cBNPHU
082 _axxxx
_bM843a
100 1 _aMoreno Jimenes, Domingo,
_d1894-1986
_919534
245 1 3 _aEl arte como religión de los hombres /
_cMoreno Jimenes.
246 3 4 _aAmérica mundo
260 _aSan Pedro de Macorís, República Domincana :
_bEstación Radiodifusora,
_c1935.
300 _a40 p. ;
_c15 cm.
590 _aInventariado, 2019/BT
740 0 2 _aAmérica mundo
999 _c31669
_d31669